000 00656nam a2200265Ia 4500
005 20260121161410.0
008 008 260114s9999 xx 000 0 eng d
020 _a9780203957639
037 _aEBOOK
040 _aCRL
040 _beng
040 _cCRL
041 _2eng
041 _aeng
084 _qCRL
100 _aWorking Memory in Sentence Comprehension
_91044154
245 0 _aShravan Vasishth
260 _bTaylor and Francis
260 _c2003
650 _aLanguage & Linguistics
_91044155
856 _uhttp://www.taylorfrancis.com/books/9780203957639
942 _cEBOOK
999 _c1610484
_d1610484